[Event "Svenska Cupen"]
[Site "Linkoping"]
[Date "2015.09.06"]
[Round "6.1"]
[White "Wickstrom, Lucas"]
[Black "Welin, Mats"]
[Result "0-1"]
[WhiteElo "2441"]
[BlackElo "2414"]

1.d4 Nf6 2.c4 e6 3.Nf3 d5 4.Nc3 Bb4 5.e3 O-O 6.a3 Bxc3+ 7.bxc3 c5 8.Qc2 
Qc7 9.a4 dxc4 10.Bxc4 b6 11.Nd2 Bb7 12.f3 e5 13.dxe5 Qxe5 14.e4 Nc6 15.O-O
Rad8 16.f4 Qh5 17.Bd3 Ng4 18.Nf3 c4 19.Be2 Qc5+ 20.Kh1 Nf2+ 21.Rxf2 Qxf2 
22.e5 Na5 23.Ba3 Qe3 24.Bc1 Qf2 25.Ba3 Rfe8 26.Rf1 Qe3 27.Bc1 Qe4 28.Qxe4 
Bxe4 29.Nd4 Bd3 30.Bxd3 cxd3 31.Rd1 Nc4 32.h3 f6 33.e6 d2 34.Bxd2 Nxd2 35.
Rxd2 Rxe6 36.Rd3 Re4 37.f5 Kf7 38.g4 Re2 39.Rg3 Ra2 40.g5 fxg5 41.Rxg5 Rd5
42.Rg1 Rxa4 43.Ne6 Rxf5 44.Nxg7 Rf3 45.Kg2 Rxc3 46.Nf5 Ra2+ 47.Kh1 Rxh3# 
0-1

[Event "Svenska Cupen"]
[Site "Linkoping"]
[Date "2015.09.06"]
[Round "6.2"]
[White "Bengtsson, Jonas"]
[Black "Forsberg, Viktor"]
[Result "0-1"]
[WhiteElo "2246"]
[BlackElo "2409"]

1.d4 Nf6 2.c4 g6 3.Nc3 Bg7 4.e4 d6 5.Nf3 O-O 6.Be2 e5 7.O-O Nbd7 8.Re1 Re8
9.Bf1 exd4 10.Nxd4 c6 11.Rb1 Ne5 12.h3 a6 13.Be3 Qc7 14.Rc1 c5 15.Nf3 
Nxf3+ 16.Qxf3 Be6 17.Qd1 Nd7 18.f4 Nf6 19.Rc2 Bd7 20.Bd3 Bc6 21.Bf2 Nh5 
22.Qd2 b6 23.Rcc1 Qb7 24.Nd5 b5 25.b3 b4 26.Re2 a5 27.g4 Nf6 28.Qc2 a4 29.
Rce1 axb3 30.axb3 Nd7 31.Bh4 Bxd5 32.exd5 Rxe2 33.Qxe2 Bd4+ 34.Kg2 Nf6 35.
Qf3 Ra2+ 36.Re2 Qa8 37.Bg5 Kg7 38.Bh4 Qa3 39.Rxa2 Qxa2+ 40.Be2 Bc3 41.f5 
Nd7 42.Be7 Be5 43.h4 Nf6 44.Bxf6+ Bxf6 45.g5 Be5 46.f6+ Kg8 47.Qg4 h5 48.
Qc8+ Kh7 49.Kf2 Bd4+ 50.Ke1 Qb1+ 51.Bd1 Bc3+ 52.Ke2 Qe4+ 53.Kf1 Qe1+ 54.
Kg2 Qxd1 55.Qf8 Qg4+ 56.Kf1 Qf3+ 57.Kg1 Bd4+ 58.Kh2 Qf2+ 59.Kh3 Qf1+ 60.
Kg3 Be5# 0-1

[Event "Svenska Cupen"]
[Site "Linkoping"]
[Date "2015.09.06"]
[Round "6.3"]
[White "Malmstig, Erik"]
[Black "Berggren Torell, Harald"]
[Result "0-1"]
[WhiteElo "2305"]
[BlackElo "2225"]

1.d4 d6 2.c4 e5 3.Nf3 e4 4.Ng5 f5 5.g3 Be7 6.h4 c6 7.Nc3 Na6 8.f3 exf3 9.
exf3 Nf6 10.Qe2 Nc7 11.Bf4 Nh5 12.Qd2 h6 13.Nh3 Ne6 14.O-O-O Nexf4 15.Nxf4
Nxf4 16.gxf4 O-O 17.Bd3 a6 18.Rhg1 b5 19.Qc2 Qe8 20.h5 Bf6 21.Ne2 Qe3+ 22.
Kb1 Qxf3 23.Rg3 Qxh5 24.cxb5 cxb5 25.Qc6 Ra7 26.Rh1 Qe8 27.Qxd6 Rd7 28.Qc5
Re7 29.Qc2 h5 30.d5 h4 31.Rgg1 Bb7 32.d6 Re3 33.Rh2 Rxd3 34.Qc7 Rf7 35.Qc5
Qe4 36.Ka1 Qd5 37.Qc1 Rd2 38.Nc3 Bxc3 39.Rxd2 Qxd2 40.Qxc3 Qxc3 41.bxc3 h3
42.Rd1 h2 43.d7 Rxd7 44.Rxd7 h1=Q+ 0-1

[Event "Svenska Cupen"]
[Site "Linkoping"]
[Date "2015.09.06"]
[Round "6.4"]
[White "Svorono, Gabriel"]
[Black "Lindgren, Fredrik"]
[Result "0-1"]
[WhiteElo "1982"]
[BlackElo "2285"]

1.e4 c5 2.Nf3 Nc6 3.d4 cxd4 4.Nxd4 Nf6 5.Nc3 e6 6.Ndb5 Bb4 7.Nd6+ Ke7 8.
Bf4 Qa5 9.Qd3 Ne5 10.Qd2 Qc5 11.Bxe5 Qxe5 12.Nc4 Bxc3 13.Nxe5 Bxd2+ 14.
Kxd2 Nxe4+ 15.Ke3 Nf6 16.Rd1 Rd8 17.g3 d6 18.Nd3 Bd7 19.Bg2 Bc6 20.Bxc6 
bxc6 21.c4 Rab8 22.h3 Nd7 23.Rd2 Nc5 24.Nxc5 dxc5 25.Rhd1 e5 26.f4 exf4+ 
27.Kxf4 Rxd2 28.Rxd2 Rd8 29.Rc2 Rd3 30.b3 Kf6 31.h4 Rd4+ 32.Ke3 Ke5 33.Rc3
f5 34.Kf3 g6 35.Re3+ Re4 36.Rd3 f4 37.gxf4+ Rxf4+ 38.Kg3 Rd4 39.Re3+ Re4 
40.Rd3 Re2 41.Rd7 Rxa2 42.Rxh7 Ra3 43.Kg4 Rxb3 44.Rxa7 Rc3 45.Re7+ Kf6 46.
Re4 Rd3 47.Kf4 Rd1 48.Ke3 Rh1 49.Rf4+ Ke6 50.Re4+ Kd6 51.Rg4 Kc7 52.Rxg6 
Rxh4 53.Kd3 Kb6 54.Kc3 Rh3+ 55.Kc2 Ka5 56.Rxc6 Kb4 57.Rg6 Rh2+ 58.Kd3 Rh3+
59.Kc2 Rc3+ 60.Kd2 Ra3 61.Rg4 Ra2+ 62.Kc1 Rh2 63.Rf4 Kc3 64.Rf3+ Kxc4 65.
Rf4+ Kb3 66.Rf3+ Kb4 67.Rf1 c4 68.Rg1 Kb3 69.Rg3+ c3 70.Rg1 Ra2 0-1

[Event "Svenska Cupen"]
[Site "Linkoping"]
[Date "2015.09.06"]
[Round "6.5"]
[White "Thorn, Eric"]
[Black "Arnelind, Mikael"]
[Result "0-1"]
[WhiteElo "2273"]
[BlackElo "2250"]

1.d4 Nf6 2.c4 e6 3.Nf3 b6 4.g3 Bb7 5.Bg2 Be7 6.O-O O-O 7.d5 exd5 8.Nh4 c6 
9.cxd5 cxd5 10.Nf5 Na6 11.Nc3 Nc7 12.Bf4 d6 13.h3 Qd7 14.g4 Rfe8 15.e3 Bf8
16.Rc1 Rac8 17.Qf3 Ne6 18.Bh2 Ne4 19.Rfd1 g6 20.Ng3 Nxc3 21.bxc3 Rc7 22.
Qf6 Bg7 23.Qh4 Rxc3 24.Rxc3 Bxc3 25.Ne2 Bg7 26.Qg3 Qa4 27.Rd2 Qb4 28.Rd1 
Qb2 29.Bf1 Ba6 30.Re1 Qd2 31.f4 Nc5 0-1

[Event "Svenska Cupen"]
[Site "Linkoping"]
[Date "2015.09.06"]
[Round "6.6"]
[White "Kumar, Rahul"]
[Black "Aperia, Jakob"]
[Result "0-1"]
[WhiteElo "2211"]
[BlackElo "2209"]

1.g3 Nf6 2.Bg2 d5 3.d3 g6 4.Nc3 Bg7 5.Bg5 h6 6.Bd2 d4 7.Nb1 O-O 8.c3 e5 9.
Nf3 Re8 10.O-O c5 11.a4 Nc6 12.Na3 Be6 13.cxd4 exd4 14.Qc1 Na5 15.Bxa5 
Qxa5 16.Qd2 Qxd2 17.Nxd2 Bd5 18.Rfe1 Bxg2 19.Kxg2 Re7 20.a5 Rae8 21.Kf1 h5
22.Ndc4 Nd5 23.Nb5 Nb4 24.Nbd6 Rd8 25.Ra4 f5 26.h4 a6 27.Rd1 Red7 28.e4 
dxe3 29.fxe3 Bf8 30.d4 Bxd6 31.Nb6 Nc2 32.Kf2 Rf7 33.Rd2 Nxe3 34.Kxe3 
cxd4+ 35.Kf3 Be5 36.Nc4 Bc7 37.Rb4 f4 38.g4 hxg4+ 39.Kxg4 f3 40.Rf2 Re8 
41.Rb3 Re4+ 42.Kh3 d3 43.Nd2 Re2 44.Rxf3 Rxd2 45.Rfxd3 Rh2+ 46.Kg4 Rf4+ 
47.Kg5 Rg2+ 48.Rg3 Rxg3+ 49.Rxg3 Rxh4 50.Rc3 Bd8+ 51.Kxg6 Rd4 52.Rc8 Kf8 
53.Rb8 Rd7 54.Kf5 Ke7 55.b4 Rd5+ 56.Ke4 Rb5 57.Kd3 Rxb4 0-1

[Event "Svenska Cupen"]
[Site "Linkoping"]
[Date "2015.09.06"]
[Round "6.7"]
[White "Sjoholm, Emil"]
[Black "Fransson, Patrick"]
[Result "1-0"]
[WhiteElo "2174"]
[BlackElo "2205"]

1.e4 e6 2.d4 d5 3.Nd2 Nf6 4.e5 Nfd7 5.Bd3 c5 6.c3 Nc6 7.Ne2 Be7 8.O-O Qb6 
9.Nf3 h6 10.Re1 Nf8 11.b3 g5 12.Be3 Bd7 13.Rc1 Qc7 14.c4 a6 15.h3 Rg8 16.
dxc5 Nxe5 17.Nxe5 Qxe5 18.Bd4 Qc7 19.cxd5 exd5 20.Ng3 g4 21.Be5 Qc6 22.Nf5
Bxf5 23.Bxf5 Ne6 24.Bxg4 O-O-O 25.b4 Rg5 26.a4 f5 27.b5 axb5 28.axb5 Qxb5 
29.c6 bxc6 30.Be2 Qb6 31.h4 Rgg8 32.Qc2 Rdf8 33.Qxc6+ Qxc6 34.Rxc6+ Kd7 
35.Bb5 Bf6 36.Rc7+ Kd8 37.Rd7+ Ke8 38.Bd6 1-0

[Event "Svenska Cupen"]
[Site "Linkoping"]
[Date "2015.09.06"]
[Round "6.8"]
[White "Anderzen, Robert"]
[Black "Gundersen, Ingvar"]
[Result "1-0"]
[WhiteElo "1983"]
[BlackElo "1811"]

1.e4 c5 2.Nf3 e6 3.d4 cxd4 4.Nxd4 a6 5.Bd3 Nf6 6.O-O Qc7 7.Nc3 Nc6 8.Nxc6 
bxc6 9.Re1 Bb7 10.Bg5 d5 11.Qf3 Be7 12.Rad1 d4 13.Ne2 c5 14.b3 h5 15.Bxf6 
Bxf6 16.Qg3 e5 17.c3 Qe7 18.Qf3 Bc8 19.h3 h4 20.cxd4 cxd4 21.Nxd4 O-O 22.
Ra1 Bb7 23.Ne2 1-0

[Event "Svenska Cupen"]
[Site "Linkoping"]
[Date "2015.09.06"]
[Round "7.1"]
[White "Welin, Mats"]
[Black "Westerberg, Jonathan"]
[Result "0-1"]
[WhiteElo "2414"]
[BlackElo "2548"]

1.e4 c5 2.Nf3 Nc6 3.d4 cxd4 4.Nxd4 Nf6 5.Nc3 d6 6.Bg5 g6 7.Bxf6 exf6 8.Qd2
Bg7 9.Ndb5 O-O 10.Nxd6 f5 11.exf5 Nd4 12.Nc4 Bxf5 13.Bd3 Re8+ 14.Ne3 Bh6 
15.O-O-O Qa5 16.Kb1 Red8 17.Nc4 Bxd2 18.Nxa5 Bxc3 19.bxc3 Ne6 20.Bxf5 gxf5
21.Nb3 Kg7 22.Rd3 Kf6 23.Rhd1 Rg8 24.g3 Rae8 25.Rd5 f4 26.R1d3 Rg5 27.Rxg5
Nxg5 28.Rd4 Ne4 29.Kb2 f3 30.Rd3 Kg6 31.Rxf3 Nd6 32.Rf4 b5 33.Ka3 Re2 34.
Nd4 Re1 35.Kb4 a6 36.Ka5 Ra1 37.Kxa6 Rxa2+ 38.Kb6 Rb2 39.Kc6 Nc4 40.Nxb5 
Ne5+ 41.Kc5 Rxc2 42.Kd5 Nd3 43.Rd4 Nb2 44.c4 Na4 45.Rf4 Nb6+ 46.Kc5 Na4+ 
47.Kb4 Nb2 48.Kb3 Rd2 49.Rd4 Rxf2 50.c5 Rxh2 51.g4 Re2 52.c6 Re5 53.c7 
Rxb5+ 54.Rb4 Rc5 55.Kxb2 Rxc7 56.Kb3 Kg5 0-1

[Event "Svenska Cupen"]
[Site "Linkoping"]
[Date "2015.09.06"]
[Round "7.2"]
[White "Nithander, Victor"]
[Black "Bengtsson, Jonas"]
[Result "1-0"]
[WhiteElo "2486"]
[BlackElo "2246"]

1.c4 Nf6 2.g3 c5 3.Bg2 d5 4.cxd5 Nxd5 5.Nc3 Nc7 6.Nf3 Nc6 7.O-O e5 8.d3 
Be7 9.Be3 Bd7 10.Nd2 O-O 11.f4 exf4 12.gxf4 Rb8 13.Nde4 Nd4 14.b4 b6 15.
bxc5 bxc5 16.Qd2 f5 17.Ng5 Nce6 18.Bd5 Bxg5 19.fxg5 Bc6 20.Bxc6 Nxc6 21.h4
Rb4 22.Bf4 Nxf4 23.Rxf4 Qd6 24.Raf1 Rfb8 25.Qe3 Nd4 26.Qh3 g6 27.Qg2 Rb2 
28.R4f2 Qe5 29.e4 Rxf2 30.Qxf2 fxe4 31.Nxe4 Nf5 32.Re1 Qd4 33.Nxc5 Qxh4 
34.Qxh4 Nxh4 35.Kf2 Nf5 36.a4 h6 37.gxh6 Kh7 38.Ne6 Rb2+ 39.Kf3 Rh2 40.Rc1
Kxh6 41.Rc8 Rh3+ 42.Kf4 Rh4+ 43.Ke5 Kh5 44.Rg8 Rxa4 45.Nf4+ Kh6 46.Rxg6+ 
Kh7 47.Rg1 Ne3 48.d4 Nc4+ 49.Kf6 Ra6+ 50.Ne6 Ne3 51.Kf7 Nf5 52.d5 Rd6 53.
Rd1 Nh6+ 54.Ke7 Nf5+ 55.Kf7 Nh6+ 56.Kf6 a5 57.Ke5 Nf7+ 58.Kf6 Nh6 59.Rh1 
Rxd5 60.Ng5+ Kg8 61.Rxh6 Rd7 62.Rg6+ Kh8 63.Nf7+ Kh7 64.Rg7# 1-0

[Event "Svenska Cupen"]
[Site "Linkoping"]
[Date "2015.09.06"]
[Round "7.3"]
[White "Berggren Torell, Harald"]
[Black "Sagit, Rauan"]
[Result "0-1"]
[WhiteElo "2225"]
[BlackElo "2425"]

1.e4 c5 2.Nf3 d6 3.d4 cxd4 4.Nxd4 Nf6 5.Nc3 a6 6.Be2 e5 7.Nb3 Be7 8.Bg5 
Be6 9.Bxf6 Bxf6 10.Nd5 Bg5 11.O-O O-O 12.c3 Nc6 13.a4 Ne7 14.Bc4 Ng6 15.
Nc1 Rc8 16.Ba2 Kh8 17.Ne2 Rc5 18.b4 Rc6 19.a5 Bh6 20.Qd3 f5 21.f3 fxe4 22.
fxe4 Bg4 23.Rxf8+ Qxf8 24.Rf1 Qe8 25.Ng3 Nf4 26.Nxf4 exf4 27.Nh1 Qc8 28.
Nf2 Rxc3 29.Qxd6 Be2 30.Rb1 Rc1+ 31.Nd1 Rc6 32.Qd4 f3 33.Bd5 Rg6 34.g3 Qh3
35.Qf2 Bxd1 36.Rxd1 Be3 0-1

[Event "Svenska Cupen"]
[Site "Linkoping"]
[Date "2015.09.06"]
[Round "7.4"]
[White "Pettersson, Anders"]
[Black "Svorono, Gabriel"]
[Result "1-0"]
[WhiteElo "2354"]
[BlackElo "1982"]

1.d4 d5 2.c4 c6 3.Nf3 Nf6 4.Nc3 dxc4 5.a4 Bf5 6.e3 e6 7.Bxc4 Bb4 8.O-O O-O
9.Qb3 a5 10.Na2 Bd6 11.Nc3 Qc7 12.h3 Nbd7 13.Re1 Bg6 14.Bf1 Rad8 15.Qc4 
Rfe8 16.e4 e5 17.d5 Bb4 18.Bg5 Nb6 19.Qb3 cxd5 20.exd5 Bxc3 21.bxc3 Nbxd5 
22.Rac1 Bh5 23.Nd2 h6 24.Bh4 g5 25.Bg3 Nf4 26.Ne4 Nxe4 27.Rxe4 Bg6 28.Rc4 
Qd7 29.Rc5 Qd2 30.Ra1 Rc8 31.Rxc8 Rxc8 32.Qxb7 Qxc3 33.Rd1 Qc6 34.Rd8+ 1-0

[Event "Svenska Cupen"]
[Site "Linkoping"]
[Date "2015.09.06"]
[Round "7.5"]
[White "Arnelind, Mikael"]
[Black "Klashed, Martin"]
[Result "1/2-1/2"]
[WhiteElo "2250"]
[BlackElo "2234"]

1.d4 Nf6 2.c4 e6 3.Nc3 Bb4 4.e3 b6 5.Bd3 Bb7 6.Nf3 O-O 7.O-O c5 8.Na4 cxd4
9.exd4 d5 10.a3 dxc4 11.Bxc4 Be7 12.Be3 Nbd7 13.Qe2 Nd5 14.Rac1 Rc8 15.Ba6
Rxc1 16.Rxc1 Qb8 17.Bxb7 Qxb7 18.Nc3 Nxc3 19.Rxc3 Nf6 20.Qc2 Nd5 21.Rc6 
Rd8 22.Bg5 f6 23.Be3 Bd6 24.h3 Ne7 25.Rc3 Rc8 26.Rxc8+ Nxc8 27.Nd2 Ne7 28.
Qe4 Qd5 29.Qxd5 Nxd5 30.Nc4 Bc7 31.Kf1 Kf7 32.Ke2 Ke7 33.g3 Kd7 34.Bd2 Kc6
35.Kd3 b5 36.Na5+ Bxa5 37.Bxa5 Ne7 38.Bb4 Nd5 39.Bf8 g6 40.Bc5 a5 41.Bf8 
Nb6 42.Be7 Nd5 43.Bd8 a4 44.Ke4 Kd6 45.Kd3 f5 46.Kd2 Kd7 47.Ba5 Nf6 48.Ke3
Kc6 49.f3 Nd5+ 50.Kd3 Nf6 51.Bd2 Nd7 52.Bg5 Nb6 53.Kc3 Nd5+ 54.Kd3 Nc7 55.
Bd8 Na6 56.Be7 Kd5 57.Kc3 Nb8 58.Bf6 Nc6 59.Bg7 g5 60.g4 fxg4 61.hxg4 e5 
62.Bxe5 Nxe5 63.dxe5 Kxe5 64.Kb4 Kf4 65.Kxb5 Kxf3 66.Kxa4 Kxg4 67.b4 h5 
68.b5 h4 69.b6 h3 70.b7 h2 71.b8=Q h1=Q 1/2-1/2

[Event "Svenska Cupen"]
[Site "Linkoping"]
[Date "2015.09.06"]
[Round "7.6"]
[White "Fransson, Jorgen"]
[Black "Kumar, Rahul"]
[Result "0-1"]
[WhiteElo "2166"]
[BlackElo "2211"]

1.d4 d6 2.g3 Bd7 3.Bg2 Qc8 4.c3 g6 5.Qb3 Nc6 6.Nf3 Rb8 7.O-O Nf6 8.Nbd2 
Bg7 9.e4 O-O 10.Re1 e5 11.a4 h6 12.a5 Re8 13.d5 Ne7 14.Qa3 Bh3 15.c4 Bxg2 
16.Kxg2 c5 17.dxc6 Qxc6 18.b3 Nh5 19.Nb1 f5 20.Nc3 fxe4 21.Nxe4 d5 22.cxd5
Qxd5 23.Bb2 Nc6 24.Nfd2 Bf8 25.Qa4 Bb4 26.Rad1 a6 27.Nc4 Qe6 28.Bc3 Bxc3 
29.Nxc3 Rbd8 30.Ne4 Nd4 31.Nxe5 Nc2 32.Nc5 Nxe1+ 33.Rxe1 Qd5+ 0-1

[Event "Svenska Cupen"]
[Site "Linkoping"]
[Date "2015.09.06"]
[Round "7.7"]
[White "Fransson, Patrick"]
[Black "Carlsson, Ingvar"]
[Result "1-0"]
[WhiteElo "2205"]
[BlackElo "2087"]

1.d4 f5 2.Bg5 h6 3.Bh4 g5 4.e4 Nf6 5.e5 e6 6.exf6 Qxf6 7.Bg3 f4 8.Ne2 Bg7 
9.Bxf4 gxf4 10.Nd2 Nc6 11.c3 d5 12.Nf3 O-O 13.Qd2 Bd7 14.Nc1 Be8 15.Bb5 
Bh5 16.Bxc6 Bxf3 17.gxf3 bxc6 18.Nd3 Rab8 19.O-O-O Qf5 20.Rde1 Kh7 21.h4 
Rb5 22.Re2 Rfb8 23.Rhe1 c5 24.dxc5 e5 25.Qc2 1-0

[Event "Svenska Cupen"]
[Site "Linkoping"]
[Date "2015.09.06"]
[Round "7.8"]
[White "Grundel, Sam"]
[Black "Anderzen, Robert"]
[Result "1-0"]
[WhiteElo "2062"]
[BlackElo "1983"]

1.e4 c5 2.Nf3 d6 3.d4 cxd4 4.Nxd4 Nf6 5.Nc3 a6 6.Bg5 Nbd7 7.f4 b5 8.Bxf6 
gxf6 9.g3 Bb7 10.Bg2 h5 11.Qe2 Rc8 12.Bf3 h4 13.O-O-O Qa5 14.Nb3 Qc7 15.
Kb1 e6 16.a3 Nb6 17.f5 Nc4 18.fxe6 fxe6 19.Nd4 Ke7 20.Bg4 Nxb2 21.Nd5+ 
Bxd5 22.exd5 e5 23.Nc6+ 1-0